00525nam a2200157Ia 4500008004000000082001600040100003100056245003400087260004800121300001300169650001200182690002000194906001100214999001700225952012500242210210b1982 xxu||||| |||| 00| 0 eng d a307.72 VOLL aVOLKEN (Henry) and others. aLearning from the rural poor. aNew Delhi.bIndian Social Institute.,c1982 aviii,115 aRural  aRural Sociology a038081 c88148d88148 001040708SociologyaALbALcSociologyd2021-02-17g15.00l0o307.72 VOLLp038081r2021-02-17 00:00:00w2021-02-17yBK